Mlb trivia - Statistics

General Stats
  • This quiz has been taken 113 times
    103 since last reset
  • The average score is 7 of 10
Answer Stats
Question Answer % Correct
Which MLB team has won the world series the most New York Yankees
100%
Which MLB player stole the most bases in a season Ricky Henderson
100%
Which MLB player has the record for most homers in a season Barry bonds
94%
Which baseball pitcher hit a bird on a pitch Randy Johnson
94%
What team did David Ortiz get drafted too Minnesota twins
72%
Which mlb team has made it to the postseason the most New York Yankees
72%
How many home runs did the answer to question 2 hit 52
67%
Who has the record for most homers by a rookie in a season Pete Alonso
50%
Who has the record for most strikeouts in a game Roger Clemens
44%
Which MLB player has the highest batting average in a season Ty Cobb
28%
No matching quizzes found
Score Distribution
Percent of People with Each Score
Percentile by Number Answered
Your Score History
You have not taken this quiz since the last reset